• 首页
  • 本馆介绍
  • 公告通知
  • 最新文献
  • 馆藏检索
  • 电子资源
  • 读者导购
  • 参考咨询
  • 我的图书馆
  • 登录
  • 期刊详细显示
  • 现刊情况显示
  • 合订本情况显示
  • 篇目信息显示

期刊信息

  • 表格格式
  • 工作单格式
  • 卡片格式
索取号 
G51/WGJY
题名 
外国教育参考资料
作者 
分册号 
分册名 
出版地 
福州
出版者 
该刊编辑部
标准刊号 
出版频率 
季刊
中图法分类 
G4
主题词 
电子资源 
000 01001nas022200325 45
001 1196060613
005 20070511103009.92
011    @d¥0.90(1990)
021    @aCN@b闽181
100    @a19951123b19791991ekmy0chiy0121 eb
101 1  @achi
102    @aCN@b350000
110    @aahaz 0yd0
200 1  @a外国教育参考资料@AWAI GUO JIAO YU CAN KAO ZI LIAO
207  0 @a[1979,no.1(1979)]~1991no.2(1991)=[总1]~50
210    @a福州@b福建省福州市仓山(邮码350007)@c该刊编辑部@d1979~91
215    @d26cm
300    @a内部发行
326    @a季刊
440  1 @12001 @a中外教育
540 1  @a外国 教育 参考资料@AWAI GUO JIAO YU CAN KAO ZI LIAO
541 1  @aReference materials of foreign education@zeng
676    @a370@v19
690    @aG4@v3
690    @aG51@v4
701  0 @a戴树英@ADAI SHU YING@4主编
711 02 @a福建师大教育系@AFU JIAN SHI DA JIAO YU XI@4主办
711 02 @a教育科学研究所@AJIAO YU KE XUE YAN JIU SUO@4主办
801  0 @aCN@bPFT@c20070511
905    @a1@cQ@dG51@eWGJY
    
    外国教育参考资料.-[1979,no.1(1979)]~1991no.2(1991)=[总1]~50.-福州(福建省福州市仓山(邮码350007)):该刊编辑部,1979~91
    26cm
    内部发行.-由:继承
    
    ¥0.90(1990)
    
●
相关链接: 在易读查询期刊 在中国知网中查询期刊 在万方数据查询期刊 在维普查询期刊
唐山师范学院图书馆 欢迎您!
大连网信软件有限公司© 版权所有